Central Library OPAC University of Rajshahi
Normal view MARC view

Entry Personal Name

Number of records used in: 5

001 - CONTROL NUMBER

  • control field: 18037

003 - CONTROL NUMBER IDENTIFIER

  • control field: BD-RjUL

005 - DATE AND TIME OF LATEST TRANSACTION

  • control field: 20260407095953.0

008 - FIXED-LENGTH DATA ELEMENTS

  • fixed length control field: 260407|| aca||aabn | a|a d

040 ## - CATALOGING SOURCE

  • Original cataloging agency: BD-RjUL
  • Transcribing agency: BD-RjUL

100 ## - HEADING--PERSONAL NAME

  • Personal name: ইসলাম, মো. আরিফুল, গবেষণা সহ-তত্ত্বাবধায়ক

670 ## - SOURCE DATA FOUND

  • Source citation: Work cat.: (BD-RjUL)86325: উদ্দিন, মো. শিহাব, গবেষক 18036, হাসান আজিজুল হকের সাহিত্যকর্মে দার্শনিক চিন্তা /, ২০২৪